Pohon rendang tempat bernaung

Bibliographic Details
Main Author: Matlob
Format: Book
Published: Kuala Lumpur : Berita Publishing , 1994
Series:Siri bacaan klasik Berita
Subjects:

MARC

LEADER 00000cam a2200000 7i4500
001 0000002396
002 000002608
005 20000330.0
020 |a 9679694232 
090 0 0 |a JF   |b MAT 
100 0 |a Matlob 
245 1 0 |a Pohon rendang tempat bernaung   |c Matlob 
260 |a Kuala Lumpur :   |b Berita Publishing ,   |c 1994 
300 |a 75p. :   |b ill ;   |c 20cm. 
490 0 |a Siri bacaan klasik Berita 
650 0 0 |a Children's stories 
999 |a 035892   |b BUKU   |c PINJAMAN   |e PERPUSTAKAAN KOMUNITI PETALING JAYA 
999 |a 035893   |b BUKU   |c PINJAMAN   |e PERPUSTAKAAN KOMUNITI PETALING JAYA